Uplatňovanie autorského práva v akademickom prostredí = Enforcement of copyright in the academic environment : Diplomová práca

Salvato in:
Dettagli Bibliografici
Autore principale: Halabuková, Eva (Autore)
Altri autori: Rešetová, Kvetoslava, 1958- (xxx)
Natura: Manoscritto Libro
Lingua:slovacco
Pubblicazione: Trnava : STU v Bratislave MTF UIPH, 2009
Soggetti:
Tags: Aggiungi Tag
Nessun Tag, puoi essere il primo ad aggiungerne!!

MARC

LEADER 00000ntm a22000003a 4500
001 stu198857
005 20160719160148.2
008 100122s2009----xo------------------slo-d
040 |a STU  |b slo 
041 0 |a slo 
044 |a xo 
100 1 |a Halabuková, Eva  |4 aut 
245 1 |a Uplatňovanie autorského práva v akademickom prostredí = Enforcement of copyright in the academic environment :  |b Diplomová práca 
260 |a Trnava :  |b STU v Bratislave MTF UIPH,  |c 2009 
300 |a 77 s  |c 1 CD-ROM 
500 |a Študijný program: učiteľstvo technických profesijných predmetov 
500 |a Študijný odbor: 1.1.2 učiteľstvo profesijných predmetov a praktickej prípravy 
650 7 |a autorské právo  |2 stusub 
650 7 |a duševné vlastníctvo  |2 stusub 
650 7 |a digitálne knižnice  |2 stusub 
700 1 |a Rešetová, Kvetoslava,  |d 1958-  |4 xxx  |u M9300  |U MTF Materiálovotechnologická fakulta  |T MTF Odbor poznatkového manažmentu  |X 307  |U M9300  |Y 361  |7 A000000307 
996 |b 284M077614  |c M*DP-8702  |l MMSKP  |s P  |a 0  |w stu198857_0001